000 00848nam a2200241Ia 4500
008 191130s2008##################000#0#eng##
020 _a9781844075379
022 _a2008001739
040 _aACL
_cACL
082 _a363.70526091821 JOA
245 _aGoverning a common sea : environmental policies in the Baltic sea region
_cedited by Marko Joas, Detlef Jahn and Kristine Kern
260 _aLondon
_bEarthscan
_c2008
300 _axvii, 238 p. : ill. ; 24 cm
500 _aIncludes bibliographical references and index
650 _aBaltic States - Politics and government - 1991-
650 _aEnvironmental policy - Baltic Sea Region - International cooperation
700 _aJahn, Detlef
700 _aJoas, Marko
700 _aKern, Kristine
990 _a6d7d4c17ac10000c6df2254c57e53d90
991 _a310635
999 _c196995
_d196995